|
|
|
|
| LEADER |
01152nam a2200337 4500 |
| 001 |
DLU100103442 |
| 005 |
##200100106 |
| 040 |
# |
# |
|a DLU
|b vie
|
| 041 |
# |
# |
|a vie
|
| 044 |
# |
# |
|a vn
|
| 082 |
# |
# |
|a 658.81
|b PH-P
|
| 100 |
# |
# |
|a Phạm Thị Thu Phương,
|c TS.
|
| 245 |
# |
# |
|a Bán hàng trong kỷ nguyên hợp tác & marketing trực tuyến :
|b Đây là tài liệu được sử dụng để đào tạo đại diện bán hàng cho các loại hình doanh nghiệp : sản xuất, dịch vụ,thương mại, ... thuộc các ngành kinh tế - kỹ thuật /
|c Phạm Thị Thu Phương.
|
| 250 |
# |
# |
|a Xuất bản lần thứ 2 có sửa đổi và bổ sung
|
| 260 |
# |
# |
|a H. :
|b Khoa học và Kỹ thuật,
|c 2005.
|
| 300 |
# |
# |
|a 516 tr. ;
|c 24 cm.
|
| 504 |
# |
# |
|a Tài liệu tham khảo: tr. 516.
|
| 653 |
# |
# |
|a Bán hàng
|
| 653 |
# |
# |
|a Nghệ thuật kinh doanh
|
| 653 |
# |
# |
|a Tiếp thị kinh doanh
|
| 923 |
# |
# |
|a 17/2009
|
| 991 |
# |
# |
|a SH
|
| 992 |
# |
# |
|a 77000
|
| 994 |
# |
# |
|a DLU
|
| 900 |
# |
# |
|a True
|
| 911 |
# |
# |
|a Đào Thị Thu Huyền
|
| 925 |
# |
# |
|a G
|
| 926 |
# |
# |
|a A
|
| 927 |
# |
# |
|a SH
|
| 980 |
# |
# |
|a Thư viện Trường Đại học Đà Lạt
|